Current NBA Players that went to Kentucky - Statistics

General Stats
  • This quiz has been taken 23 times
  • The average score is 14 of 40
Answer Stats
Current/Most Recent Team Player % Correct
Suns Devin Booker
90%
Heat Bam Adebayo
81%
Knicks Karl-Anthony Towns
81%
Thunder Shai Gilgeous-Alexander
81%
Mavericks Anthony Davis
76%
Heat Tyler Herro
71%
Spurs De'Aaron Fox
67%
Kings Malik Monk
62%
76ers Tyrese Maxey
62%
Nuggets Jamal Murray
57%
Clippers* John Wall
57%
Timberwolves Julius Randle
57%
Rockets Reed Sheppard
57%
Spurs Keldon Johnson
48%
Timberwolves Rob Dillingham
43%
Lakers Jarred Vanderbilt
33%
Mavericks PJ Washington
33%
Kings Trey Lyles
33%
Suns TyTy Washington Jr.
33%
Thunder Cason Wallace
29%
Pacers Isaiah Jackson
29%
Pelicans Antonio Reeves
24%
Pelicans Brandon Boston Jr.
24%
76ers Justin Edwards
24%
Raptors Immanuel Quickley
19%
Jazz Oscar Tshiebwe
19%
76ers* Willie Cauley-Stein
19%
Knicks Jacob Toppin
14%
Suns Nick Richards
14%
Bucks Chris Livingston
10%
Warriors Kevin Knox
10%
Heat* Mychal Mulder
10%
Trail Blazers* Ashton Hagans
5%
Jazz Johnny Juzang
5%
Nets* Nerlens Noel
5%
Kings* Skal Labissiere
5%
Grizzlies* Wenyen Gabriel
5%
Wizards* Hamidou Diallo
0%
Pelicans Keion Brooks Jr.
0%
Thunder* Olivier Sarr
0%
No matching quizzes found
Score Distribution
Percent of People with Each Score
Percentile by Number Answered
Your Score History
You have not taken this quiz